Linear algebra : (Record no. 329355)

000 -LEADER
fixed length control field 01395cam a2200301 a 4500
001 - CONTROL NUMBER
control field 14735083
003 - CONTROL NUMBER IDENTIFIER
control field Nust
005 - DATE AND TIME OF LATEST TRANSACTION
control field 20170503164159.0
008 - FIXED-LENGTH DATA ELEMENTS--GENERAL INFORMATION
fixed length control field 070215s2009 maua b 001 0 eng
010 ## - LIBRARY OF CONGRESS CONTROL NUMBER
LC control number 2007006805
020 ## - INTERNATIONAL STANDARD BOOK NUMBER
International Standard Book Number 9780763750206
020 ## - INTERNATIONAL STANDARD BOOK NUMBER
International Standard Book Number 0763750204
035 ## - SYSTEM CONTROL NUMBER
System control number (OCoLC)ocm87525440
035 ## - SYSTEM CONTROL NUMBER
System control number (OCoLC)87525440
040 ## - CATALOGING SOURCE
Original cataloging agency DLC
Transcribing agency DLC
Modifying agency BAKER
-- BTCTA
-- YDXCP
-- C#P
-- DLC
050 00 - LIBRARY OF CONGRESS CALL NUMBER
Classification number QA184.2
Item number .C54 2009
082 00 - DEWEY DECIMAL CLASSIFICATION NUMBER
Classification number 512.5 GHE
Edition number 22
100 1# - MAIN ENTRY--PERSONAL NAME
Personal name Cheney, E. W.
Fuller form of name (Elliott Ward),
Dates associated with a name 1929-
245 10 - TITLE STATEMENT
Title Linear algebra :
Remainder of title theory and applications /
Statement of responsibility, etc. Ward Cheney and David Kincaid.
260 ## - PUBLICATION, DISTRIBUTION, ETC.
Place of publication, distribution, etc. Sudbury, Mass. :
Name of publisher, distributor, etc. Jones and Bartlett Publishers,
Date of publication, distribution, etc. c2009.
300 ## - PHYSICAL DESCRIPTION
Extent xvii, 740 p. :
Other physical details ill. ;
Dimensions 24 cm.
500 ## - GENERAL NOTE
General note H.B
504 ## - BIBLIOGRAPHY, ETC. NOTE
Bibliography, etc. note Includes bibliographical references (p. 726-728) and index.
505 0# - FORMATTED CONTENTS NOTE
Formatted contents note Systems of linear equations -- Vector spaces -- Matrix operations -- Determinants -- Vector subspaces -- Eigensystems -- Inner-product vector spaces -- Additional topics.
650 #0 - SUBJECT ADDED ENTRY--TOPICAL TERM
Topical term or geographic name entry element Algebras, Linear.
700 1# - ADDED ENTRY--PERSONAL NAME
Personal name Kincaid, David
Fuller form of name (David Ronald)
856 41 - ELECTRONIC LOCATION AND ACCESS
Materials specified Table of contents only
Uniform Resource Identifier <a href="http://www.loc.gov/catdir/toc/ecip0711/2007006805.html">http://www.loc.gov/catdir/toc/ecip0711/2007006805.html</a>
906 ## - LOCAL DATA ELEMENT F, LDF (RLIN)
a 7
b cbc
c orignew
d 1
e ecip
f 20
g y-gencatlg
942 ## - ADDED ENTRY ELEMENTS (KOHA)
Source of classification or shelving scheme
Koha item type Book
Call number prefix 512.5 GHE
Holdings
Withdrawn status Lost status Source of classification or shelving scheme Damaged status Not for loan Collection code Permanent Location Current Location Shelving location Date acquired Total Checkouts Full call number Barcode Date last seen Price effective from Koha item type
            Institute of Environmental Science and Engineering (IESE) Institute of Environmental Science and Engineering (IESE) General Stacks 05/03/2017   512.5 GHE IESE-2995 05/03/2017 05/03/2017 Book
© 2023 Central Library, National University of Sciences and Technology. All Rights Reserved.